[Event "AUTO-BEG-151"]
[Site "http://www.queenalice.com/game.php?id=293819"]
[Date "2007.10.27"]
[Round "1"]
[White "prodomus"]
[Black "testplayer"]
[Result "0-1"]
[WhiteElo "1228"]
[BlackElo "1471"]

1. e4 e5 2. Qh5 Nc6 3. Bc4 Nh6 4. Nc3 g6 5. Qf3 Bg7 6. Nd5 O-O 7. Ne2 d6 8. Ne3
Nd4 9. Nxd4 exd4 10. Nf1 Bg4 11. Qb3 b6 12. f3 Bd7 13. d3 c5 14. Bxh6 Bxh6 15.
Ng3 Qg5 16. O-O Qe5 17. Qc3 dxc3 18. bxc3 Bf4 19. Ne2 Bxh2+ 20. Kf2 Bf4 21. Rh1
Bd2 22. Rad1 Bxc3 23. f4 Qg7 24. Rh2 Bg4 25. Nxc3 Qxc3 0-1

[Event "AUTO-BEG-151"]
[Site "http://www.queenalice.com/game.php?id=293820"]
[Date "2007.10.27"]
[Round "1"]
[White "testplayer"]
[Black "prodomus"]
[Result "1-0"]
[WhiteElo "1488"]
[BlackElo "1222"]

1. d4 Nc6 2. e4 e5 3. Nf3 d6 4. Bb5 a6 5. Bxc6+ bxc6 6. dxe5 Qe7 7. O-O dxe5 8.
c4 Bg4 9. Bg5 f6 10. Bh4 Rd8 11. Qe2 Qf7 12. h3 Bxf3 13. Qxf3 Rd4 14. b3 Ne7 15.
Nc3 c5 16. Ne2 Rd6 17. Qe3 Qg6 18. Qxc5 Qxe4 19. Qxc7 Qxe2 20. Qxd6 g5 21. Bg3
Nf5 22. Qxf6 Nxg3 23. fxg3 Bc5+ 24. Kh2 Rf8 25. Qc6+ Ke7 26. Qxc5+ Ke8 27. Rfe1
Qd3 28. Rxe5+ Kf7 29. Qe7+ Kg8 30. Rxg5+ Qg6 31. Rxg6+ Kh8 32. Qxf8# 1-0

[Event "Challenge"]
[Site "http://www.queenalice.com/game.php?id=295176"]
[Date "2007.10.30"]
[Round "-"]
[White "charles31"]
[Black "testplayer"]
[Result "1-0"]
[WhiteElo "1754"]
[BlackElo "1349"]

1. e4 d6 2. d4 Nf6 3. Nc3 g6 4. Bb5+ c6 5. Ba4 b5 6. Bb3 b4 7. Nce2 Nxe4 8. Bd2
a5 9. Nf4 Bg7 10. c3 bxc3 11. Bxc3 Nxc3 12. bxc3 O-O 13. Nf3 Ba6 14. c4 e5 15.
dxe5 dxe5 16. Ne2 e4 17. Nd2 Bxa1 18. Qxa1 Qd3 19. Nf4 Qd7 20. Nxe4 Re8 21. f3
Kf8 22. O-O Qc7 23. g3 c5 24. Qh8+ Ke7 25. Qxh7 Qc6 26. Qh4+ Kd7 27. Nf6+ Kc7
28. Nxe8+ Qxe8 29. Nd5+ Kd6 30. Kf2 Nc6 31. Qf6+ Qe6 32. Qf4+ Qe5 33. Qxf7 Qd4+
34. Kg2 Qd2+ 35. Rf2 Qg5 36. Qc7+ Ke6 37. Qxc6+ Kf7 38. Qxa8 1-0

[Event "Challenge"]
[Site "http://www.queenalice.com/game.php?id=295177"]
[Date "2007.10.30"]
[Round "-"]
[White "testplayer"]
[Black "charles31"]
[Result "1/2-1/2"]
[WhiteElo "1333"]
[BlackElo "1719"]

1. Nf3 d5 2. c4 dxc4 3. e3 Bg4 4. Bxc4 e6 5. O-O Nc6 6. d4 Bd6 7. h3 Bh5 8. g4
Bg6 9. Nc3 a6 10. Ne2 Be4 11. Nd2 Bg6 12. d5 exd5 13. Bxd5 Qe7 14. Bxc6+ bxc6
15. Qa4 Qe5 16. Ng3 Nf6 17. Qf4 Qd5 18. Qd4 Qg5 19. Nf3 Qd5 20. Qxd5 cxd5 21. b3
h6 22. Bb2 O-O 23. Bxf6 gxf6 24. Rfd1 c6 25. Ne2 Be4 26. Nd2 Bd3 27. Kf1 Kh7 28.
Rac1 Rac8 29. Rc3 Bxe2+ 30. Kxe2 Rfe8 31. Rdc1 c5 32. f4 d4 33. Rd3 Bxf4 34. Nf1
dxe3 35. Nxe3 Re5 36. Kf3 Bxe3 37. Rxe3 Rxe3+ 38. Kxe3 Kg6 39. Kf4 Rc6 40. Rc4
a5 41. a4 Rc7 42. h4 Rc6 43. h5+ Kg7 44. Kf5 1/2-1/2

[Event "Challenge"]
[Site "http://www.queenalice.com/game.php?id=296274"]
[Date "2007.11.1"]
[Round "-"]
[White "testplayer"]
[Black "bishopali"]
[Result "1-0"]
[WhiteElo "1358"]
[BlackElo "1443"]

1. e4 d5 2. exd5 Qxd5 3. Nc3 Qe5+ 4. Be2 c6 5. d4 Qa5 6. Nf3 f6 7. O-O Be6 8.
Re1 Nd7 9. Bd2 O-O-O 10. a4 c5 11. Nd5 Bxd5 12. Bxa5 b6 13. Bc3 c4 14. Nd2 b5
15. axb5 Nb6 16. Rxa7 e6 17. Qa1 Bd6 18. Qa6+ Kb8 19. Qxb6+ Kc8 20. Nxc4 Bxc4
21. Qb7# 1-0

[Event "Challenge"]
[Site "http://www.queenalice.com/game.php?id=298836"]
[Date "2007.11.5"]
[Round "-"]
[White "Cappy"]
[Black "testplayer"]
[Result "0-1"]
[WhiteElo "1358"]
[BlackElo "1477"]

1. e3 e5 2. Qf3 Nf6 3. b3 d5 4. c4 Bg4 5. Qg3 h5 6. Qxe5+ Be7 7. h3 Be6 8. g4
Nc6 9. Qf4 hxg4 10. Qg5 g6 11. Bg2 Nb4 12. Kd1 Nd3 13. Rh2 Bd6 14. f4 gxf3 15.
Bf1 Nxc1 16. Rf2 Nd3 17. Bxd3 Rh5 18. Qxh5 Nxh5 19. Rxf3 Qe7 20. cxd5 Bxd5 21.
Rf2 Ba3 22. Nxa3 Qxa3 23. Bc4 Qb2 24. Bxd5 Qxa1+ 25. Ke2 O-O-O 26. Rg2 Rxd5 27.
a4 Qb1 28. Rg4 Qd3+ 29. Kf2 Qxd2+ 30. Ne2 Rf5+ 31. Rf4 Nxf4 32. exf4 Rxf4+ 33.
Kg3 Qe3+ 34. Kg2 Qxe2+ 35. Kg3 Qf3+ 36. Kh2 Qf2+ 37. Kh1 Rf3 38. h4 Rh3# 0-1

[Event "Challenge"]
[Site "http://www.queenalice.com/game.php?id=298837"]
[Date "2007.11.5"]
[Round "-"]
[White "testplayer"]
[Black "LancFred"]
[Result "1-0"]
[WhiteElo "1448"]
[BlackElo "1308"]

1. Nf3 d5 2. c4 e6 3. e3 Nf6 4. d4 h6 5. Nc3 a6 6. Bd3 c5 7. O-O Bd6 8. b3 Qa5
9. Bb2 O-O 10. Re1 Re8 11. e4 cxd4 12. Nxd4 Qc7 13. g3 Bc5 14. Na4 Bb4 15. Bc3
Bxc3 16. Nxc3 Qe5 17. Nce2 Nc6 18. Nxc6 bxc6 19. cxd5 cxd5 20. exd5 exd5 21. Nf4
Qd4 22. Rxe8+ Nxe8 23. Rc1 g6 24. Bxg6 Qb2 25. Bb1 Nf6 26. Rc2 Qe5 27. Qc1 Qe8
28. Ne2 Bh3 29. Nf4 Bg4 30. Rc5 Qe5 31. Nd3 Qg5 32. Qxg5+ hxg5 33. Ne5 Bh3 34.
Nf3 Nd7 35. Rxd5 Re8 36. Rxg5+ Kf8 37. Rh5 Bg4 38. Rh8+ Ke7 39. Rxe8+ Kxe8 40.
Kg2 Nc5 41. Ne5 Ke7 42. Nxg4 1-0

[Event "Challenge"]
[Site "http://www.queenalice.com/game.php?id=298838"]
[Date "2007.11.5"]
[Round "-"]
[White "kudd"]
[Black "testplayer"]
[Result "0-1"]
[WhiteElo "1395"]
[BlackElo "1458"]

1. e4 d6 2. Nc3 Nf6 3. a4 g6 4. Nf3 Bg7 5. Bc4 O-O 6. h3 e6 7. O-O c5 8. d3 Nc6
9. Ng5 Nd4 10. Be3 a6 11. a5 Nd7 12. Nf3 Nxf3+ 13. Qxf3 Ne5 14. Qf4 Nxc4 15.
dxc4 Bxc3 16. bxc3 e5 17. Qg3 Be6 18. Bh6 Re8 19. Bg5 Qd7 20. Qh4 Bxc4 21. Rfd1
Be2 22. Rd2 Bc4 23. Qh6 Re6 24. Rdd1 Bb5 25. Rab1 Ba4 26. Rbc1 Qb5 27. Rb1 Qxa5
28. Rd3 Bxc2 29. Rbd1 Bxd1 30. Rxd1 Qxc3 31. Bd2 Qc2 32. Re1 b5 33. h4 b4 34. h5
a5 35. hxg6 Rxg6 36. Qh4 b3 37. Bc1 a4 38. Qh3 a3 39. Qe3 b2 40. Bxb2 axb2 41.
Kh2 b1=Q 42. Rxb1 Qxb1 43. g3 Ra1 44. Kg2 Qh1# 0-1

[Event "Challenge"]
[Site "http://www.queenalice.com/game.php?id=304361"]
[Date "2007.11.15"]
[Round "-"]
[White "testplayer"]
[Black "jsiebel"]
[Result "1-0"]
[WhiteElo "1493"]
[BlackElo "1471"]

1. e4 e5 2. Nc3 Nf6 3. Nf3 Nc6 4. Bb5 Bc5 5. O-O O-O 6. Nxe5 Nxe5 7. d4 Bxd4 8.
Qxd4 Re8 9. Bf4 Nc6 10. Bxc6 bxc6 11. Rfd1 Bb7 12. e5 Nd5 13. Re1 g5 14. Bd2 Re6
15. Ne4 h6 16. Nc5 Rb8 17. Nxe6 dxe6 18. Qxa7 Nb6 19. Rad1 Qc8 20. Qa3 Nc4 21.
Qc3 Ba6 22. Bc1 Bb5 23. a4 Ba6 24. h4 gxh4 25. Bxh6 f5 26. Qh3 Qe8 27. Qxh4 Nxb2
28. Qg3+ Kf7 29. Qg7# 1-0

[Event "Challenge"]
[Site "http://www.queenalice.com/game.php?id=304363"]
[Date "2007.11.15"]
[Round "-"]
[White "oaoj"]
[Black "testplayer"]
[Result "0-1"]
[WhiteElo "1517"]
[BlackElo "1508"]

1. e4 Nc6 2. Nf3 Nf6 3. g3 Nxe4 4. Bg2 d5 5. O-O e5 6. d3 Nf6 7. Re1 Bd6 8. d4
e4 9. c4 O-O 10. Nfd2 Bg4 11. Qb3 Nxd4 12. Qe3 Nc2 13. Qc3 Nxe1 14. cxd5 Nxg2
15. Kxg2 Qc8 16. b3 Nxd5 17. Qd4 Nf4+ 18. Kg1 Ne2+ 19. Kf1 Nxd4 20. Nxe4 Bh3+
21. Ke1 Qg4 22. Nbc3 Nc2+ 23. Kd2 Nxa1 24. Bb2 Bf4+ 25. gxf4 Rad8+ 26. Kc1 Qg1+
27. Nd1 Qxd1# 0-1

[Event "Challenge"]
[Site "http://www.queenalice.com/game.php?id=308549"]
[Date "2007.11.22"]
[Round "-"]
[White "arno"]
[Black "testplayer"]
[Result "0-1"]
[WhiteElo "1100"]
[BlackElo "1543"]

1. e4 c5 2. Bc4 d6 3. Nc3 Nf6 4. d3 a6 5. Nge2 b5 6. Bb3 b4 7. Na4 g6 8. c3 Qa5
9. Be3 Bg7 10. cxb4 cxb4 11. Rc1 O-O 12. Rxc8 Rxc8 13. Nb6 Nbd7 0-1

[Event "Challenge"]
[Site "http://www.queenalice.com/game.php?id=308550"]
[Date "2007.11.22"]
[Round "-"]
[White "arno"]
[Black "testplayer"]
[Result "0-1"]
[WhiteElo "1100"]
[BlackElo "1541"]

1. e4 d6 2. Nf3 Nf6 3. Nc3 g6 4. Bc4 Bg7 5. d3 O-O 6. O-O c6 7. Re1 b5 8. Bb3 a5
9. a3 a4 10. Ba2 Ng4 11. d4 Qb6 12. e5 dxe5 13. Nxe5 Nxe5 0-1

[Event "Challenge"]
[Site "http://www.queenalice.com/game.php?id=309845"]
[Date "2007.11.25"]
[Round "-"]
[White "testplayer"]
[Black "JAYMAC10"]
[Result "1-0"]
[WhiteElo "1524"]
[BlackElo "1554"]

1. e4 e5 2. Nf3 Nc6 3. d4 exd4 4. Nxd4 Nxd4 5. Qxd4 c6 6. Nc3 d5 7. exd5 Ne7 8.
Bf4 cxd5 9. Nb5 Qa5+ 10. b4 Qb6 11. Qxb6 axb6 12. Nc7+ Kd8 13. Nxa8 Nf5 14.
O-O-O Be6 15. Nxb6 Bxb4 16. Nxd5 Ba3+ 17. Kb1 Ne7 18. Nc7+ Kc8 19. Bb5 g5 20.
Be5 Rg8 21. Nxe6 fxe6 22. Bd7+ Kd8 23. Bxe6+ Ke8 24. Bc7 Kf8 25. Rd8+ Kg7 26.
Be5+ Kh6 27. Bxg8 1-0

[Event "Challenge"]
[Site "http://www.queenalice.com/game.php?id=309849"]
[Date "2007.11.25"]
[Round "-"]
[White "testplayer"]
[Black "JAVA"]
[Result "1-0"]
[WhiteElo "1579"]
[BlackElo "1682"]

1. e4 e5 2. Nc3 Bc5 3. Nf3 Qf6 4. Nd5 Qd6 5. d4 exd4 6. Bf4 Qg6 7. Nxc7+ Kf8 8.
Bd3 Qxg2 9. Rg1 Qh3 10. Nxa8 Nf6 11. Rg3 Qe6 12. Nc7 Qb6 13. a3 h6 14. Na8 Nc6
15. Nxb6 axb6 16. Qd2 1-0

[Event "Challenge"]
[Site "http://www.queenalice.com/game.php?id=310241"]
[Date "2007.11.26"]
[Round "-"]
[White "testplayer"]
[Black "danniel"]
[Result "1-0"]
[WhiteElo "1545"]
[BlackElo "1573"]

1. d4 e6 2. Nc3 Bb4 3. Nf3 f5 4. Qd3 d5 5. Bg5 Nf6 6. e3 h6 7. Bxf6 Qxf6 8. a3
Be7 9. Be2 f4 10. O-O Bd7 11. e4 dxe4 12. Nxe4 Qf5 13. Ne5 Bc6 14. Nc3 Qg5 15.
Bf3 a6 16. Bxc6+ Nxc6 17. Nxc6 bxc6 18. Rae1 Kd7 19. Re5 Qf6 20. Ne4 Qf7 21.
Nc5+ Bxc5 22. dxc5+ Kc8 23. Rfe1 Rd8 24. Qe4 Rd5 25. Rxe6 Kb7 26. Qb4+ Ka7 27.
Re7 Qf8 28. Rxc7# 1-0

[Event "Challenge"]
[Site "http://www.queenalice.com/game.php?id=316854"]
[Date "2007.12.8"]
[Round "-"]
[White "testplayer"]
[Black "danniel"]
[Result "1-0"]
[WhiteElo "1562"]
[BlackElo "1596"]

1. e4 e5 2. Nf3 d6 3. d4 Bg4 4. dxe5 Bxf3 5. Qxf3 dxe5 6. Qb3 b6 7. Bb5+ c6 8.
Bc4 Qf6 9. O-O Nd7 10. Bg5 Qxg5 11. Bxf7+ Kd8 12. Bxg8 Nf6 13. Rd1+ Kc7 14. Qf7+
Nd7 15. Rxd7+ Kb8 16. Qxf8+ Qd8 17. Qxd8# 1-0

[Event "AUTO-BEG-151"]
[Site "http://www.queenalice.com/game.php?id=348588"]
[Date "2008.2.4"]
[Round "2"]
[White "mmcar07"]
[Black "testplayer"]
[Result "1-0"]
[WhiteElo "1720"]
[BlackElo "1613"]

1. b3 d5 2. Bb2 Nf6 3. d4 g6 4. c4 c6 5. c5 Bg7 6. Nc3 O-O 7. e3 Nbd7 8. Nf3 b6
9. Bd3 Ne8 10. cxb6 axb6 11. O-O f6 12. Ne2 e5 13. e4 Bb7 14. Qc2 Kh8 15. a4 1-0

[Event "AUTO-BEG-151"]
[Site "http://www.queenalice.com/game.php?id=348589"]
[Date "2008.2.4"]
[Round "2"]
[White "testplayer"]
[Black "mmcar07"]
[Result "0-1"]
[WhiteElo "1626"]
[BlackElo "1707"]

1. Nf3 f6 2. c4 e5 3. Nc3 c6 4. d4 d6 5. e3 Be6 6. d5 cxd5 7. cxd5 Qa5 8. Qa4+
Qxa4 9. Nxa4 Bxd5 10. Bb5+ Bc6 11. Bxc6+ Nxc6 12. O-O Nge7 13. Rd1 Ng6 14. Nc3
a6 15. Ne4 Rd8 16. b3 d5 17. Nc3 Nb4 18. Ba3 Nc2 0-1

[Event "AUTO-BEG-151"]
[Site "http://www.queenalice.com/game.php?id=348592"]
[Date "2008.2.4"]
[Round "2"]
[White "testplayer"]
[Black "rharshul"]
[Result "1-0"]
[WhiteElo "1613"]
[BlackElo "1537"]

1. Nf3 c5 2. g3 Nc6 3. Bg2 e5 4. d3 d5 5. O-O Bd6 6. e4 d4 7. c3 dxc3 8. Nxc3
Nf6 9. Na4 O-O 10. Be3 b6 11. Rc1 Nd7 12. Qb3 Na5 13. Qd1 h6 14. Nd2 b5 15. Nxc5
1-0

[Event "AUTO-BEG-151"]
[Site "http://www.queenalice.com/game.php?id=348593"]
[Date "2008.2.4"]
[Round "2"]
[White "rharshul"]
[Black "testplayer"]
[Result "0-1"]
[WhiteElo "1551"]
[BlackElo "1599"]

1. e4 d6 2. d4 Nf6 3. Nc3 g6 4. Nf3 Bg7 5. Bb5+ c6 6. Ba4 b5 7. Bb3 a5 8. a4 b4
9. Na2 Nxe4 10. Qe2 d5 11. O-O Ba6 12. c4 e6 13. Rd1 O-O 14. Ne1 Qb6 15. Be3 Nd7
0-1

[Event "Challenge"]
[Site "http://www.queenalice.com/game.php?id=401363"]
[Date "2008.5.11"]
[Round "-"]
[White "gomonkey"]
[Black "testplayer"]
[Result "1-0"]
[WhiteElo "1432"]
[BlackElo "1601"]

1. e4 c5 2. c3 d5 3. d4 dxe4 4. d5 Nf6 5. c4 Bg4 6. Qb3 b6 7. h3 Bc8 8. Nc3 g6
9. a4 a5 10. Nge2 Bg7 11. Bf4 O-O 12. Ng3 Re8 13. Ncxe4 Nxe4 14. Nxe4 e5 15. Bg5
f6 16. Bh4 Bf5 17. Qf3 Bxe4 18. Qxe4 1-0